BIBLIOTECA

SENCICO

Guía esencial del mueble : (Registro nro. 292)

Detalles MARC
000 -LEADER
fixed length control field 01470nam a2200289Ia 4500
003 - CONTROL NUMBER IDENTIFIER
control field PE SENCICO BE
005 - DATE AND TIME OF LATEST TRANSACTION
control field 20251020182433.0
008 - FIXED-LENGTH DATA ELEMENTS--GENERAL INFORMATION
fixed length control field 200515s9999 xx 000 0 und d
020 ## - INTERNATIONAL STANDARD BOOK NUMBER
International Standard Book Number 978-84-459-0966-9
040 ## - CATALOGING SOURCE
Original cataloging agency PE SENCICO BE
Transcribing agency PE SENCICO BE
041 ## - LANGUAGE CODE
Language code of text/sound track or separate title spa
082 ## - DEWEY DECIMAL CLASSIFICATION NUMBER
Classification number 749.1
Item number G
245 10 - TITLE STATEMENT
Title Guía esencial del mueble :
Remainder of title estilos del siglo XVI al XXI /
Statement of responsibility, etc. editor: David Dalmau
250 ## - EDITION STATEMENT
Edition statement [1a ed.]
260 ## - PUBLICATION, DISTRIBUTION, ETC.
Place of publication, distribution, etc. Barcelona :
Name of publisher, distributor, etc. Lexus,
Date of publication, distribution, etc. 2019
300 ## - PHYSICAL DESCRIPTION
Extent 239 páginas :
Other physical details ilustraciones a color, láminas ;
Dimensions 29 cm.
520 3# - SUMMARY, ETC.
Summary, etc. Reune todo lo que hace falta saber sobre los muebles desde el siglo XVI hasta nuestros días. Se tratan todos los estilos: renacimiento, Carlos V y Felipe II, regencia, Luis XVI, Rococó, Imperial, Victoriano, Art Nouveau, Contemporáneo. Aparecen los principales países de Europa: Francia, Italia, España, Inglaterra, Alemania. Figuran los muebles que han reflejado la sociedad de cada época con los detalles que permiten la rigurosa identificación de cada estilo. El libro mas completo y actual con páginas ilustradas con dibujos y fotografías a color, que ofrece todo el saber sobre los estilos de los muebles.
650 10 - SUBJECT ADDED ENTRY--TOPICAL TERM
Topical term or geographic name entry element Muebles clásicos
9 (RLIN) 240
650 20 - SUBJECT ADDED ENTRY--TOPICAL TERM
Topical term or geographic name entry element Muebles
9 (RLIN) 239
650 20 - SUBJECT ADDED ENTRY--TOPICAL TERM
Topical term or geographic name entry element Decoración de interiores
9 (RLIN) 25
650 20 - SUBJECT ADDED ENTRY--TOPICAL TERM
Topical term or geographic name entry element Historia
9 (RLIN) 707
650 20 - SUBJECT ADDED ENTRY--TOPICAL TERM
Topical term or geographic name entry element Sillas
9 (RLIN) 1451
700 1# - ADDED ENTRY--PERSONAL NAME
9 (RLIN) 1452
Personal name Dalmau, David
Relator term editor
710 1# - ADDED ENTRY--CORPORATE NAME
9 (RLIN) 326
Corporate name or jurisdiction name as entry element Lexus Editores
Relator term editor
942 ## - ADDED ENTRY ELEMENTS (KOHA)
Koha item type Libros
Source of classification or shelving scheme Dewey Decimal Classification
Existencias
Fecha de la última vez que lo usaron Número de ingreso o de inventario Pago total Signatura topográfica completa Precio efectivo desde Tipo de documento Estado perdido Sistema de clasificación Estado dañado No es para préstamo Retirado Ubicación permanente Ubicación actual Fecha de adquisición Fuente de adquisición
31/08/2023 16676   749.1/G 31/08/2023 Libros   Dewey Decimal Classification       Biblioteca Central Lima Biblioteca Central Lima 14/08/2023 Comprado de la librería Megabook